Kierunki z Łodzi - Statystyki

Ogólne statystyki
  • Ten quiz został rozwiązany 15 razy
  • Średni wynik to 10 z 15
Statystyki odpowiedzi
Kraj Miasto % Poprawnych
Belgia Bruksela
100%
Wielka Brytania Londyn
100%
Albania Tirana
100%
Irlandia Dublin
92%
Hiszpania Malaga
77%
Włochy Mediolan
77%
Turcja Antalya
69%
Grecja Rodos
69%
Grecja Heraklion
62%
Hiszpania Alicante
54%
Bułgaria Burgas
46%
Wielka Brytania Birmingham
38%
Grecja Zakyntos
31%
Turcja Bodrum
23%
Tunezja Enfidha
15%
Nie znaleziono quizów pasujących do podanych kryteriów
Rozkład punktacji
Procent ludzi z każdym wynikiem
Percentyl według liczby udzielonych odpowiedzi
Twoja historia wyników
Nie rozwiązałeś tego quizu